Non-Indo-European Languages of Europe - Statistics

General Stats
  • This quiz has been taken 733 times
  • The average score is 9 of 16
Answer Stats
Speakers Language % Correct
5,400,000 Finnish
95%
13,000,000 Hungarian
95%
1,165,400 Estonian
90%
750,000 Basque
86%
12,000,000 Turkish
85%
4,300,000 Tatar
62%
520,000 Maltese
59%
3,700,000 Georgian
58%
500,000 Azerbaijani
53%
1,400,000 Chechen
48%
1,000,000 Kazakh
38%
1,100,000 Chuvash
32%
1,221,000 Bashkir
30%
500,000 Mari
28%
530,000 Kabardian
26%
760,000 Avar
19%
No matching quizzes found
Score Distribution
Percent of People with Each Score
Percentile by Number Answered
Your Score History
You have not taken this quiz